[Event "Scarborough CC-ch Reserves"]
[Site "Toronto"]
[Date "2011.04.07"]
[Round "7"]
[White "Ferreira, Alex"]
[Black "Sherman, Joshua"]
[Result "1-0"]
[WhiteElo "2105"]
[BlackElo "1880"]
[PlyCount "75"]
[EventDate "2011.02.24"]
[EventType "swiss"]
[EventRounds "9"]
[EventCountry "CAN"]
[SourceTitle "EXT 2022"]
[Source "ChessBase"]
[SourceDate "2021.10.06"]
[SourceVersion "1"]
[SourceVersionDate "2021.10.06"]
[SourceQuality "1"]

1. Nf3 d5 2. g3 Nc6 3. Bg2 Bg4 4. 0-0 Qd7 5. Re1 Nf6 6. d3 e5 7. c4 Be7 8. cxd5 Nxd5 9. Nc3 Nf6 10. Qa4 0-0 11. Bg5 Bh3 12. Bh1 a6 13. Rac1 Qf5 14. Bxf6 Bxf6 15. Nd5 Bd8 16. Rc3 Qd7 17. Ne3 Kh8 18. Rxc6 Qxc6 19. Qxc6 bxc6 20. Nxe5 Bf6 21. N3c4 Rae8 22. Nxc6 Bf5 23. e4 Re6 24. Nb4 Rb8 25. Nd5 Bd8 26. Rc1 Bg6 27. f4 f5 28. Nde3 Rf6 29. b3 fxe4 30. dxe4 Rf8 31. Ne5 Be8 32. Bf3 g5 33. f5 h5 34. Be2 Bf6 35. Rc5 Rd8 36. N3c4 Rd4 37. Bf3 g4 38. Bg2 1-0

[Event "Toronto Howard Ridout op"]
[Site "Toronto"]
[Date "2008.09.25"]
[Round "3"]
[White "Sherman, Joshua"]
[Black "Mesiti, Silvano"]
[Result "1-0"]
[WhiteElo "1905"]
[BlackElo "1759"]
[PlyCount "37"]
[EventDate "2008.09.11"]
[EventType "swiss"]
[EventRounds "7"]
[EventCountry "CAN"]
[SourceTitle "EXT 2011"]
[Source "ChessBase"]
[SourceDate "2010.11.26"]
[SourceVersion "1"]
[SourceVersionDate "2010.11.26"]
[SourceQuality "1"]

1. e4 e5 2. Bc4 Nf6 3. d4 Be7 4. dxe5 Nxe4 5. Qd5 0-0 6. Qxe4 d6 7. Nf3 dxe5 8. Nxe5 Bf6 9. 0-0 Re8 10. Bxf7+ Kf8 11. Bxe8 Qxe8 12. f4 Qb5 13. Nc3 Qb6+ 14. Be3 Qxb2 15. Bc5+ Kg8 16. Qc4+ Kh8 17. Nf7+ Kg8 18. Nh6+ Kh8 19. Qg8# 1-0

[Event "Scarborough CC Early Summer"]
[Site "Toronto"]
[Date "2008.06.12"]
[Round "6"]
[White "Sherman, Joshua"]
[Black "Moysoski, Randy"]
[Result "1-0"]
[WhiteElo "1880"]
[BlackElo "1879"]
[PlyCount "80"]
[EventDate "2008.05.08"]
[EventType "swiss"]
[EventRounds "8"]
[EventCountry "CAN"]
[SourceTitle "EXT 2011"]
[Source "ChessBase"]
[SourceDate "2010.11.26"]
[SourceVersion "1"]
[SourceVersionDate "2010.11.26"]
[SourceQuality "1"]

1. e4 d5 2. exd5 Qxd5 3. Nc3 Qa5 4. d4 c6 5. Bc4 Bf5 6. Nf3 Nf6 7. Qe2 Nbd7 8. Bd2 Qc7 9. Ne5 e6 10. 0-0 Nxe5 11. dxe5 Nd7 12. f4 h5 13. Be3 Nb6 14. Bb3 0-0-0 15. a4 Kb8 16. Qf2 Ka8 17. a5 Nc8 18. Bb6 Qe7 19. Bxd8 Qxd8 20. Rfd1 Qc7 21. Rd2 Ne7 22. Na4 Nd5 23. c4 Be7 24. cxd5 exd5 25. Bc2 Bc8 26. Nb6+ Kb8 27. Nxc8 Qxc8 28. Bd1 g6 29. Bf3 Qe6 30. Qd4 Rd8 31. b4 g5 32. Bxh5 gxf4 33. h3 Bg5 34. Re2 f5 35. Rb1 Be7 36. Qxf4 Rg8 37. Bf7 Qc8 38. e6+ Ka8 39. Bxg8 a6 40. Bh7 Qf8 1-0

[Event "Scarborough CC-ch"]
[Site "Toronto"]
[Date "2008.02.07"]
[Round "6"]
[White "Ferreira, Alex"]
[Black "Sherman, Joshua"]
[Result "1/2-1/2"]
[WhiteElo "1989"]
[BlackElo "1849"]
[PlyCount "46"]
[EventDate "2008.01.03"]
[EventType "tourn"]
[EventRounds "9"]
[EventCountry "CAN"]
[SourceTitle "EXT 2011"]
[Source "ChessBase"]
[SourceDate "2010.11.26"]
[SourceVersion "1"]
[SourceVersionDate "2010.11.26"]
[SourceQuality "1"]

1. Nf3 d5 2. d4 Nf6 3. c4 c6 4. Nc3 e6 5. g3 Nbd7 6. Bg2 Be7 7. 0-0 0-0 8. Qc2 Re8 9. Bg5 h6 10. Bxf6 Nxf6 11. Rfd1 Bd7 12. c5 Qc7 13. b4 a5 14. a3 b5 15. cxb6 Qxb6 16. Na4 Qb5 17. Bf1 axb4 18. axb4 Qxb4 19. Rdb1 Qd6 20. Ne5 Qc7 21. Nc5 Bxc5 22. Qxc5 Ne4 23. Qc2 f6 1/2-1/2

[Event "Scarborough CC Fall Swiss"]
[Site "Toronto"]
[Date "2007.12.20"]
[Round "8"]
[White "Sherman, Joshua"]
[Black "Ferreira, Alex"]
[Result "0-1"]
[WhiteElo "1853"]
[BlackElo "2023"]
[PlyCount "59"]
[EventDate "2007.11.01"]
[EventType "swiss"]
[EventRounds "7"]
[EventCountry "CAN"]
[SourceTitle "EXT 2022"]
[Source "ChessBase"]
[SourceDate "2021.10.06"]
[SourceVersion "1"]
[SourceVersionDate "2021.10.06"]
[SourceQuality "1"]

1. e4 e5 2. Nc3 Nc6 3. f4 exf4 4. Nf3 Be7 5. Bc4 Bh4+ 6. Kf1 d6 7. d4 Bg4 8. Bxf4 Bxf3 9. Qxf3 Nxd4 10. Qh3 Bf6 11. Rd1 Ne7 12. Nb5 Nxb5 13. e5 Nc6 14. Bxb5 Bg5 15. Bxc6+ bxc6 16. Qf3 0-0 17. exd6 Bxf4 18. Qxf4 cxd6 19. Rxd6 Qb6 20. Qd4 Qb5+ 21. c4 Qf5+ 22. Ke2 Rae8+ 23. Kd2 c5 24. Rd5 Qg6 25. Qf2 Qb6 26. Kc1 Qa6 27. b3 Qa5 28. Rhd1 Re6 29. Qd2 Qc7 30. g3 0-1

[Event "Toronto Howard Ridout Swiss"]
[Site "Toronto"]
[Date "2007.09.13"]
[Round "1"]
[White "Sherman, Joshua"]
[Black "Deiseach, Donald"]
[Result "0-1"]
[WhiteElo "1705"]
[BlackElo "1906"]
[PlyCount "80"]
[EventDate "2007.09.13"]
[EventType "swiss"]
[EventRounds "7"]
[EventCountry "CAN"]
[SourceTitle "EXT 2022"]
[Source "ChessBase"]
[SourceDate "2021.10.06"]
[SourceVersion "1"]
[SourceVersionDate "2021.10.06"]
[SourceQuality "1"]

1. e4 c5 2. d4 cxd4 3. c3 dxc3 4. Nxc3 Nc6 5. Nf3 d6 6. Bc4 Nf6 7. e5 dxe5 8. Qxd8+ Nxd8 9. Nb5 Rb8 10. Nxe5 e6 11. Nc7+ Ke7 12. Be3 b6 13. Rd1 Nd7 14. Bf4 Rb7 15. Nxd7 Bxd7 16. Ba6 Bc6 17. Bxb7 Nxb7 18. 0-0 Kf6 19. Rc1 Be4 20. Rfe1 Bf5 21. Be5+ Kg6 22. Nb5 Nc5 23. Rcd1 Nd3 24. g4 Nxe5 25. Rxe5 Bxg4 26. Rd8 h5 27. Nxa7 h4 28. Re4 Kf5 29. Rc4 Be2 30. Rc2 Bf3 31. Re8 Rh6 32. Rxf8 Rg6+ 33. Kf1 f6 34. Rc3 Bg2+ 35. Ke2 Rg4 36. Rb8 e5 37. Rxb6 e4 38. Rc5+ Kf4 39. Nb5 Bf3+ 40. Kd2 Rg2 0-1

[Event "Scarborough CC Early Summer Swiss"]
[Site "Toronto"]
[Date "2007.05.17"]
[Round "2"]
[White "Sherman, Joshua"]
[Black "Yuan, Yuanling"]
[Result "0-1"]
[WhiteElo "1735"]
[BlackElo "1951"]
[PlyCount "58"]
[EventDate "2007.05.10"]
[EventType "swiss"]
[EventRounds "8"]
[EventCountry "CAN"]
[SourceTitle "EXT 2022"]
[Source "ChessBase"]
[SourceDate "2021.10.06"]
[SourceVersion "1"]
[SourceVersionDate "2021.10.06"]
[SourceQuality "1"]

1. e4 c5 2. d4 cxd4 3. c3 dxc3 4. Nxc3 g6 5. Bc4 Bg7 6. Nf3 Nc6 7. 0-0 d6 8. Qe2 Nf6 9. e5 dxe5 10. Nxe5 Nxe5 11. Qxe5 0-0 12. Rd1 Nd7 13. Qe2 e5 14. Be3 Qh4 15. g3 Qh3 16. Nd5 b6 17. Ne7+ Kh8 18. Qf3 Rb8 19. Nxc8 Rbxc8 20. Ba6 Rc2 21. Bd3 Rxb2 22. Bc1 e4 23. Bxe4 Ne5 24. Qg2 Qxg2+ 25. Bxg2 Rc2 26. Ba3 Rfc8 27. Rdc1 h5 28. Rab1 Nd3 29. Rxc2 Rxc2 0-1

[Event "Scarborough CC Early Summer Swiss"]
[Site "Toronto"]
[Date "2007.05.10"]
[Round "1"]
[White "Termeer, Ted"]
[Black "Sherman, Joshua"]
[Result "0-1"]
[WhiteElo "1284"]
[BlackElo "1745"]
[PlyCount "84"]
[EventDate "2007.05.10"]
[EventType "swiss"]
[EventRounds "8"]
[EventCountry "CAN"]
[SourceTitle "EXT 2022"]
[Source "ChessBase"]
[SourceDate "2021.10.06"]
[SourceVersion "1"]
[SourceVersionDate "2021.10.06"]
[SourceQuality "1"]

1. Nf3 Nf6 2. d4 g6 3. e3 Bg7 4. c3 0-0 5. Bd3 d5 6. h3 Nbd7 7. Nbd2 Re8 8. Ne5 e6 9. Ndf3 Nxe5 10. Nxe5 Nd7 11. Nxd7 Bxd7 12. Qc2 e5 13. dxe5 Bxe5 14. Bd2 c5 15. 0-0 c4 16. Be2 b5 17. f4 Bc7 18. Bf3 Bf5 19. Qd1 Bb6 20. Re1 Qd6 21. g4 Bd3 22. Kg2 Rad8 23. Qc1 Be4 24. h4 Qe6 25. Qd1 Qxg4+ 26. Kf2 Qxh4+ 27. Kg2 Qg4+ 28. Kf2 Qxf3+ 29. Qxf3 Bxf3 30. Kxf3 f5 31. Rh1 h5 32. Rag1 Kf7 33. Rg5 Rd6 34. b3 Rde6 35. Re1 d4 36. cxd4 Bxd4 37. e4 fxe4+ 38. Ke2 c3 39. Bc1 a6 40. f5 Rf6 41. fxg6+ Kg7 42. Rxh5 Rf2+ 0-1

[Event "Scarborough CC Spring Swiss"]
[Site "Toronto"]
[Date "2007.04.26"]
[Round "7"]
[White "Sherman, Joshua"]
[Black "Wu, Aaron"]
[Result "0-1"]
[WhiteElo "1745"]
[BlackElo "1627"]
[PlyCount "110"]
[EventDate "2007.03.15"]
[EventType "swiss"]
[EventRounds "8"]
[EventCountry "CAN"]
[SourceTitle "EXT 2022"]
[Source "ChessBase"]
[SourceDate "2021.10.06"]
[SourceVersion "1"]
[SourceVersionDate "2021.10.06"]
[SourceQuality "1"]

1. e4 c5 2. d4 cxd4 3. c3 dxc3 4. Nxc3 Nc6 5. Bc4 Nf6 6. Nf3 d6 7. h3 a6 8. Qe2 b5 9. Bb3 Bb7 10. 0-0 e6 11. Rd1 Be7 12. e5 Nd7 13. exd6 Bf6 14. Nd5 0-0 15. Nxf6+ Qxf6 16. Bg5 Qf5 17. Bc2 Nd4 18. Rxd4 Bxf3 19. Bxf5 Bxe2 20. Rd2 Bh5 21. Be4 Rac8 22. g4 Bg6 23. Bxg6 hxg6 24. Be7 Rfe8 25. Rd3 f6 26. Ra3 Rc6 27. Rd1 Kf7 28. Rdd3 Rec8 29. Rf3 g5 30. Rfe3 e5 31. b4 Ke6 32. Ra5 Nf8 33. Rea3 Ng6 34. Rxa6 Nxe7 35. dxe7 Kxe7 36. Rxc6 Rxc6 37. Ra7+ Ke6 38. Rb7 Rc2 39. Rxb5 Rxa2 40. Rb8 Ra7 41. b5 Kd6 42. b6 Rd7 43. Rc8 Rb7 44. Rc7 Rxc7 45. bxc7 Kxc7 46. Kg2 Kd6 47. Kf3 g6 48. Ke4 Ke6 49. f3 f5+ 50. Kd3 Kd5 51. Ke3 f4+ 52. Kd3 e4+ 53. fxe4+ Ke5 54. Ke2 Kxe4 55. Kf2 f3 0-1

[Event "Scarborough CC Spring Swiss"]
[Site "Toronto"]
[Date "2007.04.12"]
[Round "5"]
[White "Lung, Patrick"]
[Black "Sherman, Joshua"]
[Result "1/2-1/2"]
[WhiteElo "1535"]
[BlackElo "1700"]
[PlyCount "89"]
[EventDate "2007.03.15"]
[EventType "swiss"]
[EventRounds "8"]
[EventCountry "CAN"]
[SourceTitle "EXT 2022"]
[Source "ChessBase"]
[SourceDate "2021.10.06"]
[SourceVersion "1"]
[SourceVersionDate "2021.10.06"]
[SourceQuality "1"]

1. e4 c6 2. d4 d5 3. Nc3 dxe4 4. Nxe4 Bf5 5. Ng3 Bg6 6. Nf3 Nf6 7. Bc4 e6 8. Ne5 Nbd7 9. Nxg6 hxg6 10. a3 Bd6 11. Qf3 Qc7 12. Ne2 0-0-0 13. h3 Rde8 14. Bd2 e5 15. Bxf7 Re7 16. Bxg6 Rf8 17. Bf5 e4 18. Qb3 Nd5 19. Bxd7+ Qxd7 20. 0-0-0 Rxf2 21. Nc3 e3 22. Nxd5 exd2+ 23. Rxd2 Ree2 24. Rxe2 Rxe2 25. Qf3 Qe6 26. Nc3 Re3 27. Qf2 Qe7 28. Nb1 Bf4 29. Kd1 Bg3 30. Qd2 Bf4 31. Qb4 Bd6 32. Qa5 Bg3 33. a4 Qe4 34. Rf1 Qxd4+ 35. Qd2 Qc5 36. Nc3 Qd6 37. Qxd6 Bxd6 38. Rf3 Re7 39. Ne2 Re4 40. b3 Re6 41. Rf7 Rg6 42. Nf4 Bxf4 43. Rxf4 Rxg2 44. Rg4 Rxg4 45. hxg4 1/2-1/2

[Event "Scarborough CC Spring Swiss"]
[Site "Toronto"]
[Date "2007.03.15"]
[Round "1"]
[White "Graham, John"]
[Black "Sherman, Joshua"]
[Result "0-1"]
[WhiteElo "1481"]
[BlackElo "1700"]
[PlyCount "75"]
[EventDate "2007.03.15"]
[EventType "swiss"]
[EventRounds "8"]
[EventCountry "CAN"]
[SourceTitle "EXT 2022"]
[Source "ChessBase"]
[SourceDate "2021.10.06"]
[SourceVersion "1"]
[SourceVersionDate "2021.10.06"]
[SourceQuality "1"]

1. c4 c6 2. g3 d5 3. cxd5 cxd5 4. e3 Nf6 5. Ne2 Nc6 6. Bg2 Bf5 7. a3 e6 8. d4 Bd6 9. Nbc3 Rc8 10. 0-0 0-0 11. Nb5 Bb8 12. b4 Qd7 13. Nbc3 Rfd8 14. Bb2 b6 15. Nc1 e5 16. N3e2 e4 17. Nb3 Bh3 18. Nf4 Bxf4 19. gxf4 Qf5 20. Qe2 Ne7 21. f3 exf3 22. Rxf3 Bxg2 23. Qxg2 Rc2 24. Rf2 Rdc8 25. Rc1 Rxc1+ 26. Nxc1 Qb1 27. Qf1 Ne4 28. Nd3 Qxf1+ 29. Rxf1 Rc2 30. Bc1 f6 31. b5 Nc3 32. Kh1 Nxb5 33. a4 Nc3 34. f5 Nxa4 35. Ba3 Rc3 36. Bxe7 Rxd3 37. Re1 Nb2 38. e4 0-1

[Event "Scarborough CC-ch reserves"]
[Site "Toronto"]
[Date "2007.01.25"]
[Round "4"]
[White "Sherman, Joshua"]
[Black "Verde, Pino"]
[Result "1-0"]
[WhiteElo "1701"]
[BlackElo "1782"]
[PlyCount "81"]
[EventDate "2007.01.04"]
[EventType "swiss"]
[EventRounds "9"]
[EventCountry "CAN"]
[SourceTitle "EXT 2022"]
[Source "ChessBase"]
[SourceDate "2021.10.06"]
[SourceVersion "1"]
[SourceVersionDate "2021.10.06"]
[SourceQuality "1"]

1. e4 g5 2. d4 h6 3. Bc4 e6 4. Nc3 c6 5. d5 Qf6 6. Be3 Bb4 7. Nge2 Ne7 8. dxe6 dxe6 9. Qd2 Nd7 10. 0-0-0 Ba5 11. h4 g4 12. f4 gxf3 13. gxf3 b5 14. Bb3 c5 15. a3 Nc6 16. Qd6 Nce5 17. f4 Nc4 18. Bxc4 bxc4 19. Bxc5 Bb6 20. Qc6 Rb8 21. Bd6 Bb7 22. Qxd7+ Kxd7 23. Bxb8+ Bd4 24. Rxd4+ Qxd4 25. Nxd4 Rxb8 26. Rg1 Ke7 27. e5 Rd8 28. Ncb5 a6 29. Nd6 Bd5 30. Rg7 Rf8 31. Rh7 Rg8 32. Rxf7+ Kd8 33. Rf6 Ke7 34. Rxh6 Rg4 35. Rh7+ Kf8 36. Rf7+ Kg8 37. Kd2 Rxh4 38. Kc3 Rh3+ 39. Kb4 Be4 40. Nxe4 Kxf7 41. Ng5+ 1-0

[Event "IECG CP.2000.P.00095"]
[Site "IECG email"]
[Date "2000.10.01"]
[Round "?"]
[White "Sheers, Matthew Philip"]
[Black "Sherman, Joshua"]
[Result "1-0"]
[WhiteElo "1608"]
[BlackElo "633"]
[PlyCount "97"]
[EventDate "2000.10.01"]
[EventType "tourn (corr)"]
[EventRounds "6"]
[EventCountry "USA"]
[SourceTitle "Corr 2008"]
[Source "ChessBase"]
[SourceDate "2008.06.24"]
[SourceVersion "1"]
[SourceVersionDate "2008.06.24"]
[SourceQuality "1"]

1. d4 Nf6 2. c4 d5 3. cxd5 Nxd5 4. e4 Nf6 5. e5 Nd5 6. Bb5+ Bd7 7. Qb3 Bxb5 8. Qxb5+ Nc6 9. Nf3 a6 10. Qb3 e6 11. Nc3 Na5 12. Qc2 Nb4 13. Qe4 Be7 14. Rb1 0-0 15. Be3 Nd5 16. 0-0 Nc4 17. Nxd5 exd5 18. Qf5 Nxe3 19. fxe3 c5 20. Rbc1 b6 21. g3 Qc8 22. Qf4 Qe6 23. g4 Rac8 24. Qf5 Qc6 25. Rf2 f6 26. dxc5 g6 27. Qf4 bxc5 28. Rd2 f5 29. g5 Rcd8 30. Rc3 Rb8 31. Kg2 Qe6 32. a3 Rb6 33. Rcd3 Rfb8 34. Rxd5 Rxb2 35. Qc4 R8b6 36. Rxb2 Rxb2+ 37. Kg3 Kf7 38. h4 a5 39. e4 fxe4 40. Qxe4 Ra2 41. Rd3 Kg7 42. Qb7 c4 43. Rd7 Kf8 44. Qb8+ Kf7 45. Rc7 Rxa3 46. Qh8 Rxf3+ 47. Kxf3 Qh3+ 48. Ke2 Qg4+ 49. Ke3 1-0

[Event "IECG QN.1999.0.00072"]
[Site "IECG email"]
[Date "1999.08.17"]
[Round "?"]
[White "Galanti, Sergio"]
[Black "Sherman, Joshua"]
[Result "1-0"]
[WhiteElo "800"]
[BlackElo "800"]
[PlyCount "59"]
[EventDate "1999.08.17"]
[EventType "tourn (corr)"]
[EventRounds "6"]
[SourceTitle "Corr 2008"]
[Source "ChessBase"]
[SourceDate "2008.06.24"]
[SourceVersion "1"]
[SourceVersionDate "2008.06.24"]
[SourceQuality "1"]

1. e4 e5 2. Nf3 Nc6 3. Bb5 a6 4. Bxc6 bxc6 5. d3 d5 6. 0-0 Nf6 7. exd5 cxd5 8. Nxe5 Bd6 9. Re1 0-0 10. h3 Re8 11. d4 Bf5 12. g4 Bg6 13. Nxg6 hxg6 14. Bg5 c5 15. Nc3 Qb6 16. Bxf6 gxf6 17. Rxe8+ Rxe8 18. Nxd5 Qxb2 19. Nxf6+ Kf8 20. Nxe8 Kxe8 21. Qe1+ Kf8 22. dxc5 Bxc5 23. Qc1 Qd4 24. Qe1 Qf6 25. Rb1 Qf4 26. Rd1 Qf3 27. Rd8+ Kg7 28. Qe5+ Qf6 29. Rg8+ Kxg8 30. Qxf6 1-0

[Event "IECG QN.1999.0.00072"]
[Site "IECG email"]
[Date "1999.08.17"]
[Round "?"]
[White "Raeuchle, Walter"]
[Black "Sherman, Joshua"]
[Result "1-0"]
[WhiteElo "800"]
[BlackElo "800"]
[PlyCount "37"]
[EventDate "1999.08.17"]
[EventType "tourn (corr)"]
[EventRounds "6"]
[SourceTitle "Corr 2008"]
[Source "ChessBase"]
[SourceDate "2008.06.24"]
[SourceVersion "1"]
[SourceVersionDate "2008.06.24"]
[SourceQuality "1"]

1. e4 e5 2. Nf3 Nc6 3. Bb5 a6 4. Ba4 b5 5. Bb3 Nf6 6. 0-0 Bc5 7. Nxe5 Nxe5 8. d4 Bd6 9. dxe5 Bxe5 10. f4 Bd6 11. e5 Bc5+ 12. Kh1 Ne4 13. Qd5 0-0 14. Qxe4 Rb8 15. f5 c6 16. f6 gxf6 17. Bh6 Re8 18. Qg4+ Kh8 19. Qg7# 1-0